LEADER 01195nam a2200277 i 4500 001 991001591939707536 005 20020502191457.0 008 941020s1988 it ||| | ita 035 $ab10874951-39ule_inst 035 $aLE02372435$9ExL 040 $aDip.to Studi Storici$bita 082 0 $a909.04924 100 1 $aLuzzati, Michele$0182990 245 10$aEbrei e cristiani nell'Italia medievale e moderna :$bconversioni, scambi, contrasti :$batti del 6. Congresso internazionale dell'AISG S. Miniato, 4-6 novembre 1986 /$ca cura di Michele Luzzati, Michele Olivari, Alessandra Veronese 260 $aRoma :$bCarucci,$c1988 300 $a288 p. ;$c24 cm. 490 0 $aAssociazione italiana per lo studio del giudaismo. Testi e studi ;$v6 650 4$aEbrei$xStoria$zItalia 700 1 $aOlivari, Michele 700 1 $aVeronese, Alessandra 907 $a.b10874951$b23-02-17$c28-06-02 912 $a991001591939707536 945 $aLE023 909.04924 LUZ 1 1$g1$i2023000021491$lle023$o-$pE0.00$q-$rl$s- $t0$u1$v0$w1$x0$y.i10983077$z28-06-02 996 $aEbrei e cristiani nell'Italia medievale e moderna$9917547 997 $aUNISALENTO 998 $ale023$b01-01-94$cm$da $e-$fita$git $h0$i1 LEADER 01198nam0 2200325 i 450 001 UBO0277579 005 20231121125853.0 010 $a8871877950 020 $aIT$b98-314 100 $a20141021d1997 ||||0itac50 ba 101 | $aita 102 $ait 181 1$6z01$ai $bxxxe 182 1$6z01$an 200 1 $aCantine & cantine$ela sfida possibile della cooperazione vinicola$fNicola Dante Basile 210 $aMilano$cIl sole-24 ore libri$d1997 215 $aVIII, 221 p.$d22 cm. 225 | $aStudi 410 0$1001CFI0169972$12001 $aStudi 606 $aCantine sociali$xItalia$2FIR$3RMLC400537$9I 676 $a334.6816632$9$v21 700 1$aBasile$b, Nicola Dante$3CFIV028164$4070$0460448 801 3$aIT$bIT-01$c20141021 850 $aIT-FR0098 899 $aBiblioteca Area Giuridico Economica$bFR0098 912 $aUBO0277579 950 0$aBiblioteca Area Giuridico Economica$d 53IMP 26 152$e 53VM 0000110895 VMB A4 barcode:ECO010896. - Inventario:6334. - Fondo:Sala consultazioneVM$fA $h20010801$i20121204 977 $a 53 996 $aCantine & cantine$91103074 997 $aUNICAS